| 000 | 00859nam a22002177a 4500 | ||
|---|---|---|---|
| 003 | OSt | ||
| 005 | 20260211082136.0 | ||
| 008 | 240820b ||||| |||| 00| 0 eng d | ||
| 040 | _c0 | ||
| 082 | _aDPer 320.05 As421 April-December 2020 v. 28 n. 1-3 | ||
| 100 |
_aScarpello, Fabio. _eauthor. _958467 |
||
| 245 |
_aSusi versus the rest : _bthe political economy of the fisheries industry in Indonesia during Jokowi's first term / _cFabio Scarpello. |
||
| 260 |
_aUnited Kingdom ; _bTaylor & Francis Group , _cAugust 2020. |
||
| 300 |
_aVolume 28, pages 122-141 : _billustration ; _c26 cm. |
||
| 500 | _aAsian Journal of Political Science, vol. 28, no. 2, pages 122-141, August 2020. | ||
| 650 | 0 |
_aFisheries. _962259 |
|
| 650 | 0 |
_aIndonesia. _967014 |
|
| 650 | 0 |
_aPolitical economy. _967015 |
|
| 700 |
_aScarpello, Fabio. _eauthor. _958467 |
||
| 942 |
_2ddc _cPER |
||
| 999 |
_c20697 _d20697 |
||